000 00352pam a2200157a 44500
008 230515b1986 xxu||||| |||| 00| 0 eng d
020 _aNULL
041 _aENGLISH
082 _a630
100 _a456-1978
245 _aDESIGN ACIDS FOR REINFORCED CONCRETE TOLLS 4
250 _a0
260 _aDELHI
_bISI
_c1986
300 _a23
650 _aNULL
999 _c652219
_d652219